Top Ten [Maroon 5] Songs - Statistics

General Stats
  • This quiz has been taken 122 times
  • The average score is 5 of 10
Answer Stats
Album Song % Correct
Overexposed Payphone
90%
V Sugar
83%
Songs About Jane She Will Be Loved
67%
Hands All Over Moves Like Jagger
63%
Songs About Jane This Love
57%
Overexposed One More Night
47%
Overexposed Daylight
33%
Overexposed Love Somebody
30%
Single (Album Name Not Released Yet) Don't Wanna Know
28%
It Won't Be Soon Before Long Makes Me Wonder
27%
No matching quizzes found
Score Distribution
Percent of People with Each Score
Percentile by Number Answered
Your Score History
You have not taken this quiz